Satan's devices : A sermon preached at Great St. Helen's, London. By George Whitefield, ...

Bibliographic Details
Main Author: Whitefield, George, 1714-1770
Format: eBook
Language:English
Series:Eighteenth century collections online.
Online Access:Full text online

MARC

Tag First Indicator Second Indicator Subfields
LEADER 00000cam a2200000 4500
001 in00001908590
006 m | d |
007 cr |n||||||||n
008 851122s1739 enk|||| s 00| ||eng d
005 20260406222520.9
035 |a (CStRLIN)ESTCN21372 
040 |a Cu-RivES  |c Cu-RivES  |d CStRLIN  |d Thomson Gale  |d UtOrBLW 
100 1 |a Whitefield, George,  |d 1714-1770. 
245 1 0 |a Satan's devices :  |b A sermon preached at Great St. Helen's, London. By George Whitefield, ... 
264 3 |a London :  |b printed for C. Whitefield, in the year,  |c 1739. 
300 |a 25, 1 unnumbered page ;  |c 8⁰. 
336 |a text  |b txt  |2 rdacontent 
337 |a computer  |b c  |2 rdamedia 
338 |a online resource  |b cr  |2 rdacarrier 
500 |a In this edition, line 4 of title begins "preached". Another edition begins "preach'd". 
500 |a Reproduction of original from the John Rylands University Library of Manchester. 
510 4 |a English Short Title Catalog,  |c ESTCN21372. 
533 |a Electronic reproduction.  |b Farmington Hills, Mich. :  |c Thomson Gale,  |d 2003.  |n Available via the World Wide Web.  |n Access limited by licensing agreements  |7 s2003 miunns 
500 |a Electronic resource. 
830 0 |a Eighteenth century collections online. 
856 4 0 |u http://proxy.library.tamu.edu/login?url=https://galenet.galegroup.com/servlet/ECCO?c=1&stp=Author&ste=11&af=BN&ae=N021372&tiPG=1&dd=0&dc=flc&docNum=CW121848808&vrsn=1.0&srchtp=a&d4=0.33&n=10&SU=0LRF&locID=txshracd2898  |z Full text online  |t 0 
999 |a MARS 
999 f f |s 59dada74-e1df-3951-9c14-8edc8d32b400  |i 2997ce29-38f1-392a-a2be-0e0fdfeffd04  |t 0 
952 f f |a Texas A&M University  |b College Station  |c Electronic Resources  |s www_evans  |d Available Online  |t 0  |h No information provided 
998 f f |t 0  |l Available Online